The business of hotels (Record no. 915)

MARC details
000 -LEADER
Fixed length control field 00431nam a2200169 4500
003 - CONTROL NUMBER IDENTIFIER
Control field SEACOMMC
005 - DATE AND TIME OF LATEST TRANSACTION
Control field 20241220162934.0
008 - FIXED-LENGTH DATA ELEMENTS--GENERAL INFORMATION
Fixed length control field 241220b |||||||| |||| 00| 0 eng d
020 ## - INTERNATIONAL STANDARD BOOK NUMBER / ISBN
International Standard Book Number 0750641150
Price Rs.150.00
040 ## - CATALOGING SOURCE
Original cataloging agency SEACOMMC
082 ## - DEWEY DECIMAL CLASSIFICATION NUMBER
Classification number 647
Book Number M 491
100 ## - MAIN ENTRY--PERSONAL NAME
Personal name Medlik, S
245 1# - TITLE STATEMENT
Title The business of hotels
Statement of responsibility S. Medlik
260 ## - IMPRINT
Place of publication London
Name of publisher Butterworth-Heinemann
Date of publication 1980
650 ## - SUBJECT ADDED ENTRY--TOPICAL TERM
Topical term Hotel management
942 ## - ADDED ENTRY ELEMENTS (KOHA)
Koha item type Books
Holdings
Withdrawn status Lost status Source of classification Damaged status Not for loan Home library Current library Shelving location Date acquired Total Checkouts Call number Accession number Date last seen Price effective from Koha item type
    Dewey Decimal Classification     SEACOM MANAGEMENT COLLEGE SEACOM MANAGEMENT COLLEGE Reference 11/12/2007   647 M 491 M-1229 20/12/2024 20/12/2024 Books
© Seacom Engineering College, All rights reserved.    Powered by Koha